[Event "2nd IECC Playoff g/15"]
[Site "Ohrid MKD"]
[Date "2001.06.15"]
[Round "3.1"]
[White "Lautier,J"]
[Black "Atalik,S"]
[Result "1-0"]
[WhiteElo "2658"]
[BlackElo "2537"]

1.d4 d5 2.c4 c6 3.Nc3 Nf6 4.e3 a6 5.Qc2 g6 6.Bd3 Bg7 7.Nf3 O-O 8.O-O Bg4
9.Ne5 Be6 10.Bd2 Nbd7 11.cxd5 Nxd5 12.Nxd7 Bxd7 13.Qb3 Nxc3 14.Bxc3 Rb8 15.Qa3 Bf5
16.Be2 Re8 17.Rfd1 Qc7 18.Rac1 Qd7 19.h3 h5 20.Bf3 Qd6 21.Qa5 Qd8 22.Qa4 Bd7
23.Qa3 e6 24.Ba5 Bf8 25.Qc3 b6 26.Bb4 Bxb4 27.Qxb4 a5 28.Qd6 Qe7 29.Qxe7 Rxe7
30.Bxc6 Bxc6 31.Rxc6 Rd7 32.Rdc1 Rbb7 33.Kf1 h4 34.f4 Rd5 35.Kf2 g5 36.Kf3 gxf4
37.Kxf4 Rb5 38.R1c2 e5+ 39.Kg4 exd4 40.exd4 Rd7 41.R6c4 Rbd5 42.Kxh4 Rxd4+
43.Rxd4 Rxd4+ 44.Kg5 Kg7 45.Kf5 a4 46.Ke5 Rd3 47.Ke4 Rg3 48.Kf4 Rd3 49.g3 a3
50.bxa3 Rxa3 51.Rb2 Ra4+ 52.Ke5 Ra3 53.Rg2 Kg6 54.Kd5 Rc3 55.Kd4 Rc6 56.Rb2 f6
57.a4 Re6 58.Rb3 Rc6 59.Rc3 Rd6+ 60.Kc4 Rd1 61.Rb3 Rc1+ 62.Kb5 Ra1 63.Rb4 Ra3
64.Kxb6 f5 65.g4 Rxh3 66.gxf5+ Kxf5 67.a5 Ke5 68.a6 Rh6+ 69.Ka5 Kd5  1-0

[Event "ch-FRA Low Pool"]
[Site "Marsailles FRA"]
[Date "2001.08.13"]
[Round "8"]
[White "Lautier,J"]
[Black "Chabanon,JL"]
[Result "1-0"]
[WhiteElo "2675"]
[BlackElo "2511"]

1.d4 Nf6 2.c4 e6 3.Nc3 Bb4 4.e3 O-O 5.Bd3 d5 6.Nf3 c5 7.O-O dxc4 8.Bxc4 Nbd7
9.a3 cxd4 10.axb4 dxc3 11.bxc3 Qc7 12.Qb3 Nb6 13.Be2 e5 14.Ra5 Be6 15.Qc2 Nbd7
16.c4 b6 17.Ra6 Qb7 18.Ra3 a5 19.Ng5 axb4 20.Rxa8 Qxa8 21.Nxe6 fxe6 22.Bd2 Qe4
23.Qb2 Rc8 24.Qxb4 Qc2 25.Rc1 Qf5 26.Ra1 Nc5 27.Be1 Nfd7 28.Qd2 Rf8 29.Ra7 Nf6
30.Qd1 e4 31.Qd6 Nd3 32.Qg3 Ne8 33.Bc3 e5 34.f4 exf3 35.Bxf3 Nc5 36.h3 Nd7
37.Kh2 Nef6 38.Rc7 Rf7 39.Rc8+ Rf8 40.Rc7 Rf7 41.Bb2 h5 42.Bc6 Kh7 43.Qh4 Kh6
44.Qe1 Kh7 45.Qd2 Qe6 46.Qd3+ e4 47.Qd4 Nc5 48.Rxf7 Qxf7 49.Qe5 Qg6 50.Bd4 Nfd7
51.Qe7 Nf6 52.Bxc5 bxc5 53.Qxc5 Qf7 54.Qf5+ g6 55.Qe5 h4 56.c5 g5 57.Bxe4+ Kh6
58.Bf3  1-0

[Event "ch-FRA Gp A"]
[Site "Marsailles FRA"]
[Date "2001.08.18"]
[Round "6"]
[White "Fontaine,R"]
[Black "Lautier,J"]
[Result "1/2-1/2"]
[WhiteElo "2452"]
[BlackElo "2675"]

1.e4 c5 2.Nf3 d6 3.d4 cxd4 4.Nxd4 Nf6 5.Nc3 a6 6.h3 e6 7.g4 b5 8.Bg2 Bb7
9.a3 Nfd7 10.O-O Be7 11.f4 Nc6 12.Be3 Nxd4 13.Qxd4 O-O 14.a4 Bc6 15.axb5 axb5
16.b4 e5 17.Qd3 exf4 18.Bxf4 Ne5 19.Rxa8 Qxa8 20.Bxe5 dxe5 21.Nd5 Qa7+ 22.Kh1 Rc8
23.c4 Bxd5  1/2-1/2

[Event "EuTCh"]
[Site "Leon ESP"]
[Date "2001.11.09"]
[Round "4"]
[White "Lautier,J"]
[Black "Short,N"]
[Result "1/2-1/2"]
[WhiteElo "2653"]
[BlackElo "2675"]

1.d4 Nf6 2.c4 e6 3.Nc3 Bb4 4.e3 b6 5.Ne2 Ne4 6.Bd2 Nxd2 7.Qxd2 O-O 8.a3 Be7
9.d5 Ba6 10.Ng3 d6 11.Be2 e5 12.e4 Bg5 13.Qc2 g6 14.b4 Bc8 15.Bd3 a5 16.O-O Na6
17.Rab1 h5  1/2-1/2

[Event "FIDE GP"]
[Site "Dubai UAE"]
[Date "2002.04.04"]
[Round "2.2"]
[White "Lautier,J"]
[Black "Leko,P"]
[Result "0-1"]
[WhiteElo "2687"]
[BlackElo "2713"]

1.c4 c5 2.Nf3 Nf6 3.d4 cxd4 4.Nxd4 e6 5.g3 Qc7 6.Nc3 a6 7.Bg2 Qxc4 8.O-O Qc7
9.e4 d6 10.Be3 Be7 11.Rc1 Qd8 12.f4 O-O 13.g4 Nc6 14.g5 Nd7 15.Kh1 Nxd4 16.Bxd4 e5
17.Bg1 exf4 18.Nd5 Bxg5 19.Rc3 Nf6 20.Bb6 Nxd5 21.Bxd8 Nxc3 22.bxc3 Rxd8
23.Qh5 Be7 24.Rxf4 Be6 25.Rf2 Rac8 26.Bh3 Rc5 27.Bxe6 Rxh5 28.Bxf7+ Kf8 29.Bxh5+ Bf6
30.Bg4 Ke7 31.c4 Re8 32.Kg2 Kd8 33.Bf5 Be5 34.Bh3 Re7 35.Rf8+ Kc7 36.Bg4 Kb6
37.Rc8 Bd4 38.Rd8 Kc5 39.Rd7 Rxe4 40.Bf3 Re1 41.Rxb7 Kxc4 42.Rc7+ Kb5 43.Bd5 Rd1
44.Rc2 Be5 45.Be4 h6 46.Bf3 Rd4 47.Be2+ Kb6 48.Rb2+ Ka5 49.Rc2 Re4 50.h3 Kb6
51.Bf3 Re3 52.h4 g5 53.hxg5 hxg5 54.Kf2 Ra3 55.Be2 a5 56.Bf3 Ra4 57.Rc6+ Kb5
58.Rc2 Rh4 59.Bd5 Rd4 60.Bc6+ Kb4 61.Ke3 Rd1 62.Bf3 Re1+ 63.Re2 Ra1 64.Rg2 Bf4+
65.Kd3 Ka3 66.Bd5 Rd1+ 67.Ke4 a4 68.Re2 Be5 69.Re3+ Kb4 70.Rd3 Rxd3 71.Kxd3 g4
72.Ke4 g3 73.Kd3 Ka3 74.Kc2 Kb4 75.Kd3 Kc5 76.Bf3 d5 77.Bg2 Bf4 78.Bf3 d4
79.Bg2 Be3 80.Bf3 Kb4 81.Bd5 Bf2 82.Kc2 Ka3 83.Kd3 Kb2 84.Kd2 a3 85.Kd3 Be3
86.Ke2 g2 87.Bxg2 Kxa2  0-1

[Event "FIDE GP"]
[Site "Dubai UAE"]
[Date "2002.04.04"]
[Round "2.1"]
[White "Leko,P"]
[Black "Lautier,J"]
[Result "1/2-1/2"]
[WhiteElo "2713"]
[BlackElo "2687"]

1.e4 c5 2.Nf3 Nc6 3.d4 cxd4 4.Nxd4 Nf6 5.Nc3 e5 6.Ndb5 d6 7.Bg5 a6 8.Na3 b5
9.Bxf6 gxf6 10.Nd5 f5 11.c3 Bg7 12.exf5 Bxf5 13.Nc2 Be6 14.a4 O-O 15.axb5 axb5
16.Rxa8 Qxa8 17.Nce3 Qb7 18.g4 b4 19.Bg2 bxc3 20.bxc3 Qb5 21.Be4 Nd4 22.f3 Bxd5
23.Nxd5 Ne6 24.Kf2 Nf4 25.Nxf4  1/2-1/2

[Event "FIDE GP"]
[Site "Moscow RUS"]
[Date "2002.06.05"]
[Round "5.1"]
[White "Lautier,J"]
[Black "Sutovsky,E"]
[Result "1/2-1/2"]
[WhiteElo "2675"]
[BlackElo "2660"]

1.e4 c5 2.Nf3 d6 3.d4 cxd4 4.Nxd4 Nf6 5.Nc3 a6 6.Be3 e5 7.Nb3 Be7 8.Qd2 Be6
9.f4 exf4 10.Bxf4 Nc6 11.O-O-O Ne5 12.Nd4 Rc8 13.Nxe6 fxe6 14.g3 Qa5 15.Kb1 Rxc3
16.Qxc3 Qxc3 17.bxc3 Nxe4 18.Bxe5 dxe5 19.Re1 Nxc3+ 20.Kb2 Na4+ 21.Kb1 Nc3+
22.Kb2 Na4+ 23.Kb1 Bf6 24.c4 Ke7 25.Bd3 Rc8 26.a3 Rc6 27.Kc2 b5 28.Re4 Rc7
29.Re2 bxc4 30.Be4 Nc5 31.Rb1 Nb3 32.Rxb3 cxb3+ 33.Kxb3 g6 34.Rd2 Bg5 35.Rc2 Rd7
36.Rc6 Rd4 37.Rc4 Be3 38.Bb7 a5 39.Rc7+ Kf6 40.Rxh7 e4 41.Rc7 Bg1 42.Rc4 Rxc4
43.Kxc4 Bxh2 44.Bxe4 Bxg3 45.a4 g5 46.Kd3 Ke5 47.Bb7 Kf4 48.Bc6 Be1 49.Bb7 Bb4
50.Bc6 Bc5 51.Bb7 Ba7 52.Bc6 Bb6 53.Bb7 g4 54.Bc6 Ba7 55.Bb7 Bb6 56.Bc6 Ke5
57.Bg2 Kd6 58.Kc4 Bd8 59.Bh1 Ke5 60.Kd3 Kf4 61.Bb7 Kg3 62.Ke2 Kh2 63.Bc6 Bb6
64.Kf1 Kg3 65.Ke2 Kf4 66.Bb7 Ke5 67.Kd3 Bd8 68.Ba8 Kf6 69.Bb7 Kg5 70.Bc6 Kh4
71.Ke2 e5 72.Bb7 Bb6 73.Bc6 Kh3 74.Bb7 g3 75.Kf1 Kg4 76.Ke2 Kf4 77.Kd3 Kf5
78.Bc6 Ke6 79.Be4 Kf6 80.Bc6 Kf5 81.Bb7 Kf4  1/2-1/2

[Event "ch-FRA"]
[Site "Val d'Isere FRA"]
[Date "2002.08.21"]
[Round "3"]
[White "Lautier,J"]
[Black "Dorfman,J"]
[Result "1-0"]
[WhiteElo "2663"]
[BlackElo "2617"]

1.e4 e5 2.Nf3 d6 3.d4 exd4 4.Nxd4 Nf6 5.Nc3 Be7 6.Bf4 O-O 7.Qd2 Nc6 8.O-O-O Nxd4
9.Qxd4 Be6 10.f3 Nd7 11.Qe3 Bf6 12.g4 a6 13.g5 Be5 14.h4 Qe7 15.Bh2 Bxh2
16.Rxh2 Ne5 17.Be2 f5 18.f4 Nc6 19.h5 fxe4 20.h6 g6 21.Nxe4 d5 22.Nc5 Rae8
23.Bf3 Bf7 24.Qxe7 Rxe7 25.Nxb7 Rb8 26.Nc5 Rb5 27.Nd3 Nd4 28.Bg4 Re4 29.Rf2 Be6
30.Ne5 Nf5 31.c3 Rb6 32.Bf3 Rxf4 33.Rxd5 Rd6 34.Rc5 Ne3 35.Rd2 Rf5 36.b3 Rxg5
37.Re2 Nd5 38.Nc4 Rg1+ 39.Kb2 Nf4 40.Rxc7 Rd3 41.Be4 Rd8 42.Rf2 Rf8 43.Rd2 Re1
44.Nd6 Nh5 45.Re7  1-0

[Event "ch-FRA"]
[Site "Val d'Isere FRA"]
[Date "2002.08.23"]
[Round "5"]
[White "Lautier,J"]
[Black "Bauer,Ch"]
[Result "1/2-1/2"]
[WhiteElo "2663"]
[BlackElo "2550"]

1.e4 e6 2.d4 d5 3.e5 c5 4.c3 Nc6 5.Nf3 Nge7 6.a3 Nf5 7.b4 cxd4 8.cxd4 Bd7
9.Bb2 Qb6 10.g4 Nh6 11.Rg1 f6 12.exf6 gxf6 13.Nc3 Nf7 14.Rc1 Bh6 15.Rc2 Ne7
16.h4 Bf4 17.Bd3 h6 18.Re2 Qc7 19.Qb3 Nd6 20.Rc2 Qb8 21.Ne2 Ne4 22.b5 a6
23.bxa6  1/2-1/2

[Event "ch-FRA"]
[Site "Val d'Isere FRA"]
[Date "2002.08.24"]
[Round "6"]
[White "Fressinet,L"]
[Black "Lautier,J"]
[Result "1/2-1/2"]
[WhiteElo "2619"]
[BlackElo "2663"]

1.e4 e5 2.Nf3 Nc6 3.Bb5 Nf6 4.O-O Nxe4 5.d4 Nd6 6.Bxc6 dxc6 7.dxe5 Nf5 8.Qxd8+ Kxd8
9.Nc3 Ke8 10.h3 Be7 11.Bg5 Bxg5 12.Nxg5 h6 13.Nge4 b6 14.Rfd1 Ke7 15.Kh2 h5
16.Rd2 Be6 17.Ng5 Rad8 18.Rad1 Rxd2 19.Rxd2 h4  1/2-1/2

[Event "ch-FRA"]
[Site "Val d'Isere FRA"]
[Date "2002.08.25"]
[Round "7"]
[White "Lautier,J"]
[Black "Vaisser,A"]
[Result "1-0"]
[WhiteElo "2663"]
[BlackElo "2581"]

1.Nf3 e6 2.c4 Nf6 3.d4 c5 4.d5 d6 5.Nc3 exd5 6.cxd5 g6 7.h3 Bg7 8.e4 O-O
9.Bd3 b5 10.Nxb5 Nxe4 11.Bxe4 Re8 12.Ng5 Bf6 13.O-O a6 14.Ne6 fxe6 15.dxe6 axb5
16.Bxa8 Bxe6 17.Bd5 Kg7 18.Bf4 Bd4 19.Qf3 Qf6 20.Bxd6 Bxd5 21.Qxd5 Rd8 22.Qb7+ Rd7
23.Qxb8 Rxd6 24.Qc7+ Kh6 25.Rae1 Re6 26.Rxe6 Qxe6 27.b4 Qf5 28.Qd6  1-0

[Event "ch-FRA"]
[Site "Val d'Isere FRA"]
[Date "2002.08.28"]
[Round "9"]
[White "Lautier,J"]
[Black "Marcelin,C"]
[Result "1-0"]
[WhiteElo "2663"]
[BlackElo "2470"]

1.d4 e6 2.e4 d5 3.Nc3 Nf6 4.Bg5 dxe4 5.Nxe4 Be7 6.Bxf6 Bxf6 7.Nf3 Nd7 8.Qe2 b6
9.O-O-O Qe7 10.Ne5 Bb7 11.f4 O-O-O 12.c3 Bxe5 13.fxe5 f6 14.exf6 Nxf6 15.Nd2 Rhf8
16.Rg1 Rde8 17.Nf3 Nd7 18.Re1 Qf6 19.Qe3 g6 20.Ng5 Qf4 21.Nxh7 Qxe3+ 22.Rxe3 Rh8
23.Bd3 Rxh7 24.Bxg6 Reh8 25.Bxh7 Rxh7 26.Rxe6 Bd5 27.Re8+ Kb7 28.h3 Bxa2
29.Re3 Nf8 30.g4 Ng6 31.Rf1 Bd5 32.Rf6 Nh4 33.Re5 Bg2 34.Rh5 Rxh5 35.gxh5  1-0

[Event "ch-FRA"]
[Site "Val d'Isere FRA"]
[Date "2002.08.30"]
[Round "11"]
[White "Lautier,J"]
[Black "Bricard,E"]
[Result "1-0"]
[WhiteElo "2663"]
[BlackElo "2454"]

1.d4 d6 2.e4 g6 3.c4 Bg7 4.Nc3 Nf6 5.f3 c5 6.d5 O-O 7.Bg5 e6 8.Qd2 exd5 9.cxd5 h6
10.Bf4 a6 11.a4 h5 12.Nge2 Nh7 13.Nd1 Qe7 14.Nec3 f5 15.Be3 Be5 16.exf5 gxf5
17.Be2 f4 18.Bf2 Bf5 19.O-O Nd7 20.Bd3 Qf7 21.Kh1 Bxd3 22.Qxd3 Qf5 23.Ne4 Ng5
24.Ndc3 Bxc3 25.bxc3 Ne5 26.Qb1 Nxe4 27.fxe4 Qh7 28.Ra2 Rae8 29.Re2 Qd7 30.Qd1 Re7
31.Bg1 Ref7 32.Ref2 Qg4 33.h3 Qxd1 34.Rxd1 b5 35.axb5 axb5 36.Rb1 Rb8 37.Bh2 Nd3
38.Rf3 c4 39.g3 fxg3 40.Rxg3+ Kh7 41.Bg1 Re7 42.Bd4 Nf4 43.Re3 Ng6 44.Rf3 Rbb7
45.Rf5 Rxe4 46.Rxh5+ Kg8 47.Rg1 Rxd4 48.Rxg6+ Kf7 49.Rg1 Rb6 50.Rf5+ Ke7
51.cxd4 c3 52.Rg7+ Ke8 53.Rg8+ Ke7 54.Rgf8  1-0

[Event "ECC"]
[Site "Halkidiki GRE"]
[Date "2002.09.22"]
[Round "1"]
[White "Kantsler,B"]
[Black "Lautier,J"]
[Result "0-1"]
[WhiteElo "2487"]
[BlackElo "2663"]

1.d4 Nf6 2.c4 e6 3.Nc3 Bb4 4.e3 O-O 5.Bd3 d5 6.Nf3 c5 7.O-O Nc6 8.a3 Bxc3
9.bxc3 Qc7 10.h3 dxc4 11.Bxc4 e5 12.Ba2 Bf5 13.Nh4 Bd7 14.d5 Na5 15.c4 Ne4
16.Bb2 Rae8 17.f4 Qb6 18.Rb1 Qh6 19.Qe1 exf4 20.Rxf4 b6 21.Nf5 Bxf5 22.Rxf5 Nd6
23.Rf4 Qxf4 24.exf4 Rxe1+ 25.Rxe1 Naxc4 26.Bc1 Na5 27.Re7 Nab7 28.Bb2 Re8
29.Rd7 f6 30.Kf2 Kf8 31.Bb1 h6 32.g4 Re7 33.Rxe7 Kxe7 34.Kf3 Nc4 35.Bc1 Nbd6
36.h4 b5 37.Ke2 Nb6 38.Be3 Nxd5 39.Bxc5 Nc3+ 40.Kd3 Nxb1 41.Kc2 Nxa3+ 42.Bxa3 Ke6
43.f5+ Ke5 44.Kd3 a5  0-1

[Event "ECC"]
[Site "Halkidiki GRE"]
[Date "2002.09.23"]
[Round "2"]
[White "Solak,D"]
[Black "Lautier,J"]
[Result "1/2-1/2"]
[WhiteElo "2515"]
[BlackElo "2663"]

1.e4 c5 2.Nf3 Nc6 3.d4 cxd4 4.Nxd4 Nf6 5.Nc3 e5 6.Ndb5 d6 7.Bg5 a6 8.Na3 b5
9.Nd5 Be7 10.Bxf6 Bxf6 11.c3 O-O 12.Nc2 Rb8 13.a3 a5 14.h4 Be6 15.Bd3 Bxd5
16.exd5 e4 17.dxc6 exd3 18.Ne3 b4 19.axb4 axb4 20.O-O bxc3 21.bxc3 Qb6 22.Nd5 Qxc6
23.Nxf6+ gxf6 24.Qxd3 Rb3 25.Rac1 Rc8 26.Qg3+ Kh8 27.Rfe1 Rg8 28.Qh3 Rb5
29.Re3 Re5 30.Qf3 Qxf3 31.Rxf3 Re6 32.Rd1 Rg4 33.g3 Kg7 34.Kg2 Rc4  1/2-1/2

[Event "ECC"]
[Site "Halkidiki GRE"]
[Date "2002.09.26"]
[Round "5"]
[White "Lautier,J"]
[Black "Sokolov,I"]
[Result "1/2-1/2"]
[WhiteElo "2663"]
[BlackElo "2677"]

1.e4 e5 2.Nf3 Nc6 3.Bb5 a6 4.Ba4 Nf6 5.O-O Be7 6.Re1 b5 7.Bb3 d6 8.c3 O-O
9.h3 h6 10.d4 Re8 11.Nbd2 Bf8 12.Nf1 Bd7 13.Ng3 Na5 14.Bc2 c5 15.b3 Nc6 16.d5 Ne7
17.Be3 Ng6 18.Qd2 Nh7 19.Nf1 Be7 20.b4 cxb4 21.cxb4 Bg5 22.Nxg5 Nxg5 23.Ng3 Nh4
24.Bd1 Qf6 25.Rc1 Rac8 26.Be2 Qg6 27.Bxg5 hxg5 28.Bg4 Bxg4 29.hxg4 Qf6 30.Nf5 g6
31.Nxh4 gxh4 32.Rc6 Rxc6 33.dxc6 Rc8 34.Rc1 Rc7 35.Rc3 Kg7 36.Qd5 Qe6 37.Ra3 Qc8
38.Qxd6 Rxc6 39.Qxe5+ Kg8 40.Rd3 Re6 41.Qg5 Re8 42.Rd6 Qc3 43.Kh2 Qxb4 44.Rxg6+  1/2-1/2

[Event "NEC Simul"]
[Site "Tokyo JPN"]
[Date "2002.10.20"]
[Round "1"]
[White "Habu,Y"]
[Black "Lautier,J"]
[Result "0-1"]
[WhiteElo "2347"]
[BlackElo "2665"]

1.e4 c5 2.Nf3 Nc6 3.d4 cxd4 4.Nxd4 Nf6 5.Nc3 e5 6.Ndb5 d6 7.Bg5 a6 8.Na3 b5
9.Nd5 Be7 10.Bxf6 Bxf6 11.c3 O-O 12.Nc2 Rb8 13.h4 Be7 14.Nce3 Be6 15.g3 Qd7
16.Bg2 Bd8 17.Qe2 Ne7 18.Rd1 a5 19.a3 b4 20.axb4 Bxd5 21.Nxd5 Nxd5 22.Rxd5 axb4
23.O-O bxc3 24.bxc3 Qc6 25.Rfd1 Qxc3 26.Rxd6 Bb6 27.Qd2 Qa3 28.Qd3 Qa7 29.Rd2 Bd4
30.Qa6 Rb1+ 31.Bf1 Qb8 32.Kg2 Ra1 33.Qc6 Qb1 34.Qc4 Qxe4+ 35.Kg1 Qf3 36.Qd3 Qxd3
37.Rxd3 Ra2 38.R3xd4 exd4 39.Rxd4 Ra5 40.Rd7 Rc5 41.Bg2 g6 42.Bd5 Kg7 43.g4 Rcc8
44.Kg2 Rcd8 45.Rxd8 Rxd8 46.Be4 Rd4 47.Kf3 h6 48.Kf4 Rb4 49.f3 Rb2 50.Bd5 Rh2
51.Kg3 Rd2 52.Bc4 g5 53.hxg5 hxg5 54.Bb3 Kf6 55.Bc4 Ke7 56.Bb3 f6 57.Bg8 Kd6
58.Bc4 Ke5 59.Ba6 Rb2 60.Bc4 Kd4 61.Ba6 Ke3 62.Bc4 Rb1 63.Bd5 Rg1+ 64.Kh2 Kf2
65.Bb7 Rb1 66.Ba8 Rb8  0-1

[Event "National I"]
[Site "Drancy FRA"]
[Date "2003.02.01"]
[Round "2"]
[White "Lautier,J"]
[Black "Renet,O"]
[Result "1/2-1/2"]
[WhiteElo "2670"]
[BlackElo "2497"]

1.d4 Nf6 2.c4 e6 3.Nf3 d5 4.Nc3 Bb4 5.Bg5 h6 6.Bxf6 Qxf6 7.e3 O-O 8.Rc1 dxc4
9.Bxc4 c5 10.O-O cxd4 11.exd4 Bxc3 12.Rxc3 Nc6 13.Re1 Rd8 14.Re4 Bd7 15.Rce3 Rac8
16.g3 Ne7 17.Ne5 Nf5 18.Rd3 Bc6 19.d5 exd5 20.Bxd5 Bxd5 21.Rxd5 Rxd5 22.Qxd5 Rd8
23.Nd7 Qd6 24.Qxf5 Qxd7  1/2-1/2

[Event "National I"]
[Site "Bordeaux FRA"]
[Date "2003.04.04"]
[Round "4"]
[White "Berthelot,Y"]
[Black "Lautier,J"]
[Result "0-1"]
[WhiteElo "2311"]
[BlackElo "2666"]

1.e4 c5 2.Nf3 Nc6 3.d4 cxd4 4.Nxd4 Nf6 5.Nc3 e5 6.Ndb5 d6 7.Bg5 a6 8.Na3 b5
9.Bxf6 gxf6 10.Nd5 f5 11.c3 Bg7 12.Bd3 Be6 13.Nxb5 axb5 14.Bxb5 Bd7 15.exf5 O-O
16.O-O Rb8 17.a4 Re8 18.Qg4 Kh8 19.Qh5 e4 20.Rad1 Ne5 21.c4 Rg8 22.Rfe1 Bf8
23.Rxe4 Rg5 24.Qe2 Bxf5 25.f4 Bg4 26.Qc2 Bxd1 27.Qxd1 Rg8 28.fxe5 Qg5 29.Qf1 Bg7
30.Nf6 dxe5 31.Nxg8 Rxg8 32.h4 Qg6 33.Qe2 Qd6 34.Qf3 Qe6 35.Re2 f5 36.Qd5 Qf6
37.c5 e4 38.c6 Rd8 39.Qb3 Qxh4 40.g3 Qh3 41.Rh2 Qg4 42.c7 Rd1+ 43.Bf1 Bd4+
44.Kg2 Rc1 45.Rh4 Qg8 46.Qb7 Rc2+ 47.Kh1 Be5 48.Qb8 Qxb8 49.cxb8=Q+ Bxb8
50.Rh5 Rf2 51.Bh3 e3 52.Kg1 Ba7 53.Bf1 e2 54.Bxe2 Rxe2+ 55.Kf1 Rf2+ 56.Ke1 Kg7
57.b4 Kg6 58.Rh3 Ra2 59.a5 Bb8 60.Kd1 Be5  0-1

[Event "National I"]
[Site "Bordeaux FRA"]
[Date "2003.04.05"]
[Round "5"]
[White "Lautier,J"]
[Black "Beikert,G"]
[Result "1/2-1/2"]
[WhiteElo "2666"]
[BlackElo "2444"]

1.e4 e5 2.Nf3 Nf6 3.Nxe5 d6 4.Nf3 Nxe4 5.d4 d5 6.Bd3 Nc6 7.O-O Be7 8.c4 Nb4
9.Be2 O-O 10.Nc3 Bf5 11.a3 Nxc3 12.bxc3 Nc6 13.cxd5 Qxd5 14.Re1 Bf6 15.Bf4 Rac8
16.Nd2 Qd8 17.Nb3 Ne7 18.Bf3 b6 19.Bg3 Qd7 20.Qe2 Rfe8 21.Qa6 c6 22.h3 Bg5
23.Re5  1/2-1/2

[Event "National I"]
[Site "Bordeaux FRA"]
[Date "2003.04.07"]
[Round "7"]
[White "Delebarre,X"]
[Black "Lautier,J"]
[Result "0-1"]
[WhiteElo "2307"]
[BlackElo "2666"]

1.h3 d5 2.Nf3 c5 3.e3 Nf6 4.Bb5+ Nbd7 5.c4 a6 6.Bxd7+ Bxd7 7.cxd5 Nxd5 8.Nc3 Nxc3
9.bxc3 g6 10.d4 Bg7 11.O-O O-O 12.e4 Rc8 13.Bg5 Re8 14.Qd2 Qa5 15.Rac1 cxd4
16.cxd4 Qxd2 17.Bxd2 Bb5 18.Rfe1 Bd3 19.e5 Bc4 20.Rc2 b5 21.Rec1 Rcd8 22.Be3 f6
23.Nd2 fxe5 24.dxe5 Bf7 25.f4 Rd3 26.Rc3 Red8 27.Nb3 Bf8 28.Kf2 Bc4 29.Nc5 Rxc3
30.Rxc3 e6 31.a3 Bxc5 32.Bxc5 Rd2+ 33.Kg1 Kf7 34.Bf2 Ra2 35.g4 Ke8 36.Kg2 Kd7
37.Kf3 Kc6 38.Re3 Rc2 39.h4 h5 40.gxh5 gxh5 41.Be1 Bd5+ 42.Kg3 Kd7 43.Rd3 Re2
44.Bf2 Kc6 45.Rc3+ Bc4 46.Re3 Rb2 47.Be1 Kd7 48.Rf3 Bd5 49.Rd3 Re2 50.Bf2 a5
51.f5 b4 52.axb4 axb4 53.Rd4 b3 54.f6 Ke8 55.Ra4 b2 56.Rb4 Be4 57.Bc5 b1=Q  0-1

[Event "National I"]
[Site "Clermont-Ferrand FRA"]
[Date "2003.05.09"]
[Round "9"]
[White "Lautier,J"]
[Black "Prie,E"]
[Result "1/2-1/2"]
[WhiteElo "2666"]
[BlackElo "2446"]

1.d4 d5 2.c4 c6 3.Nc3 Nf6 4.e3 a6 5.Qc2 b5 6.b3 Bg4 7.Nge2 Nbd7 8.h3 Bh5
9.Nf4 Bg6 10.Nxg6 hxg6 11.g3 e6 12.Bg2 Bb4 13.O-O O-O 14.Bb2 Rb8 15.c5 Re8
16.f4 Nh5 17.Ne2 f5 18.a4 Qc7 19.axb5 axb5 20.Nc1 Nxg3 21.Rf3 Ne4 22.Nd3 Bd2
23.Rd1 Qa5 24.b4 Qa4 25.Rxd2 Nxd2 26.Qxd2 Ra8 27.Rg3 Kf7 28.Bf3 Rh8 29.Bd1 Qa2
30.Nc1 Qa6 31.Qg2 Rh6 32.Bb3 Qc8 33.Nd3 Qe8 34.Kf1 Ke7 35.Ke2 Kd8 36.Kd1 Kc7
37.Kc1 Qf7 38.Ne1 Rah8 39.Nf3 Qe8 40.Bc2 Kb7 41.Bc3 Kc7 42.Bd3 Kb7 43.Kb2 Kc7
44.Bd2 Kb7 45.Be1 Kc7 46.Bf1 Qa8 47.Qc2 Qa6 48.Bc3 Nf6 49.Ng5 Ne4 50.Nxe4 fxe4
51.Kc1 Ra8 52.Bb2 Qa4 53.Qc3 Rah8 54.Kd2 Kd7 55.Rg1 Ra8 56.Be2 Qa6 57.Rg5 Rf8
58.Bg4 Rf6 59.Qb3 Rh8 60.Kc2 Ra8 61.Bc3 Qa2+ 62.Qxa2 Rxa2+ 63.Bb2 Ke7 64.Kb3 Ra8
65.Bc3 Rh8 66.Be1 Kf7 67.h4 Rh7 68.Bd1 Rh8 69.Rg2 Ra8 70.Kb2 Kg8 71.Rg5 Kf7
72.Rg2 Kg8 73.h5 gxh5 74.Bxh5 Rh6 75.Rg5 Kh7 76.Bg3 g6 77.Bg4 Rh1 78.Bxe6 Rha1
79.f5 R8a2+ 80.Kb3 Rg2 81.fxg6+ Kh6 82.Bf4 Rb1+  1/2-1/2

[Event "National I"]
[Site "Clermont-Ferrand FRA"]
[Date "2003.05.10"]
[Round "10"]
[White "Lautier,J"]
[Black "Sharif,Me"]
[Result "1-0"]
[WhiteElo "2666"]
[BlackElo "2473"]

1.d4 e6 2.c4 b6 3.e4 Bb7 4.Bd3 Bb4+ 5.Bd2 Bxd2+ 6.Nxd2 Nh6 7.Ne2 O-O 8.O-O Nc6
9.a3 f5 10.Qc2 Kh8 11.Rad1 f4 12.Nf3 Nf7 13.Kh1 e5 14.d5 Ne7 15.c5 d6 16.cxd6 Qxd6
17.Rc1 c6 18.dxc6 Nxc6 19.Bc4 Rac8 20.Qa4 Nfd8 21.Rfd1 Qe7 22.Bd5 a6 23.b4 Rc7
24.Rc3 Nb8 25.Rcd3 Bxd5 26.Rxd5 b5 27.Qb3 Nf7 28.Qd3 h6 29.Rc1 Rfc8 30.Rd1 Re8
31.g3 fxg3 32.fxg3 Qe6 33.Nh4 Kh7 34.Nf5 Rcc8 35.Nc1 Qg6 36.Nb3 Qg4 37.Nc5 Ng5
38.Rf1 Rc7 39.Rd6 Rf8 40.Ne3 Rxf1+ 41.Qxf1 Qf3+ 42.Qxf3 Nxf3 43.Nf5 a5 44.Kg2 Nd4
45.Nxd4 exd4 46.e5 axb4 47.axb4 Nc6 48.Nd3 Kg8 49.Kf3 Kf7 50.Ke4 Ke7 51.h4 Rc8
52.Kd5 Nd8 53.Nc5 Rc7 54.Rxd8  1-0

[Event "National I"]
[Site "Clermont-Ferrand FRA"]
[Date "2003.05.11"]
[Round "11"]
[White "Kazhgaleyev,M"]
[Black "Lautier,J"]
[Result "0-1"]
[WhiteElo "2600"]
[BlackElo "2666"]

1.e4 c5 2.Nf3 d6 3.Bc4 Nc6 4.c3 Nf6 5.d3 a6 6.Bb3 Bg4 7.Nbd2 e6 8.h3 Bh5
9.Qe2 Be7 10.Nf1 d5 11.g4 Bg6 12.e5 Nd7 13.Bc2 Qc7 14.Bf4 f6 15.exf6 Qxf4
16.fxe7 Nde5 17.N1d2 Kxe7 18.Nh4 Raf8 19.Rf1 Qh2 20.Ndf3 Nxf3+ 21.Nxf3 Qf4
22.Nd2 h5 23.O-O-O hxg4 24.hxg4 Rh2 25.Rde1 e5 26.Bb3 Kd6 27.Qd1 Bxd3 28.Re3 e4
29.Bxd5 Kxd5 30.Qb3+ Kd6 31.Qxb7 Qf7 32.Nxe4+ Bxe4 33.Rd1+ Bd5 34.Qb3 Rh1
35.c4 Rxd1+ 36.Qxd1 Nd4 37.cxd5 Qxf2 38.Ra3 Qf4+ 39.Kb1 Qe4+ 40.Kc1 Rf1  0-1

[Event "1/2 Coupe de France"]
[Site "Senat FRA"]
[Date "2003.05.25"]
[Round "1"]
[White "Lautier,J"]
[Black "Marzolo,C"]
[Result "1-0"]
[WhiteElo "2666"]
[BlackElo "2468"]

1.d4 d5 2.c4 c6 3.Nf3 Nf6 4.Nc3 a6 5.h3 b5 6.c5 Bf5 7.g4 Bg6 8.Ne5 Nfd7 9.Nxg6 hxg6
10.e4 e6 11.Bg2 Be7 12.O-O Ra7 13.Qd3 dxe4 14.Qxe4 g5 15.f4 gxf4 16.Bxf4 O-O
17.Rad1 Nf6 18.Qe3 Nd5 19.Nxd5 exd5 20.g5 g6 21.Rde1 Re8 22.Bd6  1-0

[Event "Final Coupe de France"]
[Site "Senat FRA"]
[Date "2003.06.07"]
[Round "1"]
[White "Apicella,M"]
[Black "Lautier,J"]
[Result "1/2-1/2"]
[WhiteElo "2501"]
[BlackElo "2666"]

1.e4 c5 2.Nf3 Nc6 3.d4 cxd4 4.Nxd4 Nf6 5.Nc3 e5 6.Ndb5 d6 7.Nd5 Nxd5 8.exd5 Nb8
9.c4 Be7 10.Be2 O-O 11.O-O a6 12.Nc3 f5 13.Kh1 Nd7 14.f4 Bf6 15.Qc2 exf4
16.Bxf4 Ne5 17.Be3 Bd7 18.Qb3 Qe7 19.Rae1 Rfc8 20.a4 a5 21.Bg1 Bh4 22.Rd1 Kh8
23.Nb5 Ng4 24.Bxg4 fxg4 25.c5 dxc5 26.d6 Qe5 27.Nc7 Rab8 28.Qe3 Qxe3 29.Bxe3 Bxa4
30.Ra1 Bc6 31.Bxc5 Bf6 32.Ba7 Bxb2 33.Rxa5 Rf8 34.Rd1 b6 35.Ra2 Rb7 36.Rxb2 Rxa7
37.Rxb6 Bd7 38.Kg1 h6 39.Rb2 Ra3 40.Rbd2 Rf6  1/2-1/2

[Event "ch-FRA"]
[Site "Aix les Bains FRA"]
[Date "2003.08.19"]
[Round "2"]
[White "Lautier,J"]
[Black "Dorfman,J"]
[Result "1/2-1/2"]
[WhiteElo "2677"]
[BlackElo "2607"]

1.d4 d5 2.c4 c6 3.Nf3 Nf6 4.Nc3 a6 5.c5 Nbd7 6.Bf4 Nh5 7.e3 g6 8.Bd3 Bg7
9.O-O O-O 10.Bg5 Re8 11.e4 h6 12.Bh4 g5 13.Bg3 Nxg3 14.hxg3 e5 15.exd5 cxd5
16.Nxd5 e4 17.Re1 Nxc5 18.dxc5 Qxd5 19.Bxe4 Qxc5 20.Bh7+ Kf8 21.Rxe8+ Kxe8
22.Qb3 Kf8 23.Rd1 b5 24.Rd8+ Ke7 25.Qd1 Bf6 26.Bf5 Qc6 27.Be4 Qb6 28.Rg8 Rb8
29.Bd5 Be6 30.Bxe6 fxe6 31.Rg6 Rh8 32.Nh2 Qd4 33.Qf3 Kf7 34.Qh5 Ke7 35.Qf3 Kf7
36.Qh5 Ke7 37.Qf3 Kf7  1/2-1/2

[Event "ch-FRA"]
[Site "Aix les Bains FRA"]
[Date "2003.08.22"]
[Round "5"]
[White "Sokolov,And1"]
[Black "Lautier,J"]
[Result "1/2-1/2"]
[WhiteElo "2554"]
[BlackElo "2677"]

1.e4 c5 2.Nf3 d6 3.d4 cxd4 4.Nxd4 Nf6 5.Nc3 a6 6.Bc4 e6 7.Bb3 Nbd7 8.Bg5 Nc5
9.f4 Be7 10.Qf3 Qc7 11.O-O-O b5 12.Bxf6 Nxb3+ 13.axb3 Bxf6 14.Nf5 exf5 15.Nd5 Qb7
16.Rhe1 O-O 17.Nxf6+ gxf6 18.Qg3+ Kh8 19.Qh4 Qe7 20.e5 dxe5 21.Rd3 Rg8 22.Rh3 Rg7
23.fxe5 Bb7 24.exf6 Qxe1+ 25.Qxe1 Rxg2 26.Qh4 Rg1+ 27.Kd2 Rd8+ 28.Ke2 Rg2+
29.Ke1 Rg1+ 30.Ke2 Rg2+ 31.Ke3 Re8+ 32.Kd3 Rd8+ 33.Ke3 Re8+ 34.Kd3 Rd8+ 35.Ke3  1/2-1/2

[Event "ch-FRA"]
[Site "Aix les Bains FRA"]
[Date "2003.08.29"]
[Round "11"]
[White "Lautier,J"]
[Black "Vaisser,A"]
[Result "1-0"]
[WhiteElo "2677"]
[BlackElo "2571"]

1.Nf3 d5 2.d4 e6 3.c4 Be7 4.g3 f5 5.Bg2 Nf6 6.O-O O-O 7.b3 Bd7 8.Ba3 Bxa3
9.Nxa3 Qe7 10.Nc2 a5 11.Ne5 c6 12.Ne1 Be8 13.N1d3 Nfd7 14.Nf3 Bh5 15.Qc2 Na6
16.a3 Bxf3 17.Bxf3 Nc7 18.Bg2 Ne8 19.e3 g5 20.Rfb1 Ra7 21.b4 Nd6 22.c5 Nc4
23.b5 e5 24.Nb2 Nxb2 25.Rxb2 e4 26.Rab1 Nf6 27.Qa4 Qd7 28.Bh3 Kg7 29.bxc6 bxc6
30.Rb8 Rxb8 31.Rxb8 Ng8 32.Qb3 Ne7 33.Qb6 h5 34.a4 Qc7 35.Bf1 f4 36.gxf4 gxf4
37.Bh3 Ng6 38.Rc8 Qe7 39.Rxc6 Nh4 40.Re6 Qg5+ 41.Kf1 Rf7 42.Re5 Qg6 43.exf4 Nf3
44.Qxg6+ Kxg6 45.Rxd5 Rb7 46.Rd6+ Kf7 47.Rb6 Rc7 48.c6 Ke7 49.Rb7 Kd6 50.Rxc7 Kxc7
51.d5 Nxh2+ 52.Kg2  1-0